[Event "FIDE WCC Blitz Women 2019"]
[Site "Moscow"]
[Date "2019.12.30"]
[Round "12.24"]
[White "Doluhanova, Evgeniya"]
[Black "Kovalevskaya, Ekaterina"]
[Result "0-1"]
[WhiteElo "2222"]
[BlackElo "2286"]
[Annotator "NA"]
[PlyCount "42"]
[EventDate "2019.12.29"]
[EventType "swiss"]
[EventCountry "RUS"]
[SourceTitle "playchess.com"]
[Source "ChessBase"]
[SourceQuality "1"]

1. d4 d5 2. Bf4 Nf6 3. e3 g6 4. Bd3 Bg7 5. Nd2 O-O 6. h3 c5 7. c3 b6 8. Ngf3 Bb7 9. Ne5 Nbd7 10. Qe2 Ne4 11. Nxd7 Qxd7 12. Bxe4 dxe4 13. dxc5 bxc5 14. Nc4 Ba6 15. Qd2 Qe6 16. Na3 Rad8 17. Qc2 Bd3 18. Qa4 Rd7 19. O-O-O Qxa2 20. Qxd7 Qa1+ 21. Kd2 Qxb2+ 0-1

[Event "FIDE WCC Blitz Women 2019"]
[Site "Moscow"]
[Date "2019.12.30"]
[Round "12.25"]
[White "Hejazipour, Mitra"]
[Black "Garifullina, Leya"]
[Result "1/2-1/2"]
[WhiteElo "2191"]
[BlackElo "2267"]
[Annotator "NA"]
[PlyCount "85"]
[EventDate "2019.12.29"]
[EventType "swiss"]
[EventCountry "RUS"]
[SourceTitle "playchess.com"]
[Source "ChessBase"]
[SourceQuality "1"]

1. d4 Nf6 2. c4 e6 3. Nf3 b6 4. g3 Bb7 5. Bg2 Bb4+ 6. Nbd2 a5 7. a3 Be7 8. O-O O-O 9. Qc2 d5 10. Ne5 Nbd7 11. b3 c5 12. cxd5 Nxd5 13. Nxd7 Qxd7 14. dxc5 Bxc5 15. Bb2 Rfc8 16. Nc4 b5 17. Ne5 Bxf2+ 18. Rxf2 Rxc2 19. Nxd7 Rxb2 20. Nc5 Bc6 21. Raf1 Be8 22. Nxe6 Ne3 23. Bxa8 Nxf1 24. Kxf1 fxe6 25. Rf3 Bg6 26. Bc6 b4 27. axb4 axb4 28. Bd7 Bf5 29. Kf2 Bg4 30. Re3 Kf7 31. Bb5 Kf6 32. Bc4 e5 33. Kg2 Be6 34. Bxe6 Kxe6 35. Kf3 Rb1 36. Ke4 Rb2 37. h4 h5 38. Kf3 Kd5 39. Rd3+ Ke6 40. Ke3 Rb1 41. Ke4 Rb2 42. Ke3 Rb1 43. Ke4 1/2-1/2

[Event "FIDE WCC Blitz Women 2019"]
[Site "Moscow"]
[Date "2019.12.30"]
[Round "12.26"]
[White "Dordzhieva, Dinara"]
[Black "Ambartsumova, Karina"]
[Result "1-0"]
[WhiteElo "2222"]
[BlackElo "2254"]
[Annotator "NA"]
[PlyCount "89"]
[EventDate "2019.12.29"]
[EventType "swiss"]
[EventCountry "RUS"]
[SourceTitle "playchess.com"]
[Source "ChessBase"]
[SourceQuality "1"]

1. d4 Nf6 2. c4 d6 3. Nf3 g6 4. g3 Bg7 5. Bg2 O-O 6. Nc3 c6 7. e4 Nbd7 8. O-O e5 9. h3 Re8 10. Be3 Qc7 11. Qc2 a5 12. Rad1 exd4 13. Nxd4 Nc5 14. Ndb5 cxb5 15. Nxb5 Qb8 16. Nxd6 Ncd7 17. Nxe8 Nxe8 18. f4 Qc7 19. e5 Nc5 20. Kh2 Bf5 21. Qd2 Bf8 22. Qd5 Be6 23. Qd4 Rc8 24. b3 Be7 25. Qc3 h5 26. Bd5 b6 27. f5 Bxd5 28. cxd5 Bf8 29. d6 Qc6 30. fxg6 fxg6 31. Qc4+ Kh7 32. Qf7+ Bg7 33. d7 Nxd7 34. Rxd7 Qc2+ 35. Rf2 Qe4 36. Bd4 Rc1 37. Rg2 Rc2 38. Rxc2 Qxc2+ 39. Qf2 Qe4 40. Bxb6 Qc6 41. Re7 Qb5 42. Bd4 Kg8 43. e6 Bxd4 44. Qf7+ Kh8 45. Qh7# 1-0

[Event "FIDE WCC Blitz Women 2019"]
[Site "Moscow"]
[Date "2019.12.30"]
[Round "12.27"]
[White "Khomeriki, Nino"]
[Black "Nebolsina, Vera"]
[Result "1-0"]
[WhiteElo "2177"]
[BlackElo "2252"]
[Annotator "NA"]
[PlyCount "105"]
[EventDate "2019.12.29"]
[EventType "swiss"]
[EventCountry "RUS"]
[SourceTitle "playchess.com"]
[Source "ChessBase"]
[SourceQuality "1"]

1. d4 g6 2. c4 Bg7 3. Nf3 Nf6 4. g3 d6 5. Nc3 O-O 6. Bg2 Nc6 7. O-O a5 8. Bf4 a4 9. Rc1 a3 10. b3 Bf5 11. d5 Nb4 12. Nd4 Bd7 13. Nc2 Nxc2 14. Qxc2 Qc8 15. Nb5 e5 16. Bd2 Bf5 17. e4 Bh3 18. Bb4 Nh5 19. Bxh3 Qxh3 20. Nxc7 Rad8 21. f3 Bh6 22. Rce1 Rd7 23. Nb5 f5 24. Qg2 Qxg2+ 25. Kxg2 fxe4 26. fxe4 Rxf1 27. Kxf1 Bf8 28. Bxa3 Nf6 29. Bc1 h5 30. Kg2 Ng4 31. h3 Nh6 32. Rf1 Nf7 33. a4 Rd8 34. Nc7 Be7 35. Ne6 Ra8 36. h4 Ra6 37. Bd2 Ra8 38. Ra1 Kh7 39. Ng5+ Bxg5 40. Bxg5 Nxg5 41. hxg5 Rc8 42. Rf1 Kg7 43. Rf6 Rd8 44. Kf3 Rd7 45. Ke3 Rd8 46. Kd3 Ra8 47. Rxd6 Rf8 48. Rd7+ Kg8 49. Rxb7 Rf3+ 50. Ke2 Rxg3 51. a5 Rg1 52. a6 Ra1 53. a7 1-0

[Event "FIDE WCC Blitz Women 2019"]
[Site "Moscow"]
[Date "2019.12.30"]
[Round "12.28"]
[White "Kulon, Klaudia"]
[Black "Nurgali, Nazerke"]
[Result "0-1"]
[WhiteElo "2457"]
[BlackElo "2075"]
[Annotator "ChessBase"]
[PlyCount "72"]
[EventDate "2019.12.29"]
[EventType "swiss"]
[EventCountry "RUS"]
[SourceTitle "playchess.com"]
[Source "ChessBase"]
[SourceQuality "1"]

1. d4 d5 2. Bf4 Nf6 3. e3 e6 4. Nd2 Bd6 5. Bg3 O-O 6. Bd3 c5 7. c3 Nc6 8. f4 c4 9. Bc2 b5 10. a3 a5 11. Ngf3 Bb7 12. Bh4 Be7 13. Bxf6 Bxf6 14. h4 b4 15. g4 b3 16. Bb1 Be7 17. Qe2 f5 18. gxf5 exf5 19. Ng5 Bxg5 20. hxg5 Qe7 21. Rxh7 Kxh7 22. Qh5+ Kg8 23. g6 Qxe3+ 24. Kf1 Rfe8 25. Nf3 Qe2+ 26. Kg1 Qe3+ 27. Kg2 Qxf4 28. Qh7+ Kf8 29. Qh8+ Ke7 30. Qxg7+ Kd6 31. Ne5 Nxe5 32. dxe5+ Rxe5 33. Bd3 cxd3 34. Rf1 Re2+ 35. Kg1 Qg3+ 36. Kh1 Qg2# 0-1

[Event "FIDE WCC Blitz Women 2019"]
[Site "Moscow"]
[Date "2019.12.30"]
[Round "12.29"]
[White "Zatonskih, Anna"]
[Black "Bykova, Anastasia"]
[Result "0-1"]
[WhiteElo "2374"]
[BlackElo "2107"]
[Annotator "NA"]
[PlyCount "82"]
[EventDate "2019.12.29"]
[EventType "swiss"]
[EventCountry "RUS"]
[SourceTitle "playchess.com"]
[Source "ChessBase"]
[SourceQuality "1"]

1. e4 c6 2. Nc3 d5 3. Nf3 Bg4 4. h3 Bxf3 5. Qxf3 e6 6. g3 Nf6 7. Bg2 dxe4 8. Nxe4 Nxe4 9. Qxe4 Qd5 10. O-O Qxe4 11. Bxe4 Nd7 12. d4 Bd6 13. c4 O-O 14. Be3 Nf6 15. Bg2 Rfd8 16. Rfd1 Rd7 17. Rab1 a5 18. Rd3 a4 19. Rbd1 Be7 20. f4 h6 21. g4 Rad8 22. Bf1 Ne4 23. Kg2 g5 24. Kf3 f5 25. Be2 Bf6 26. Kg2 gxf4 27. Bxf4 Rxd4 28. Rxd4 Rxd4 29. Rxd4 Bxd4 30. gxf5 exf5 31. Bd1 Bxb2 32. Bxa4 Kg7 33. Bc2 Kg6 34. Kf3 Nf6 35. a4 Nd7 36. Be3 Ne5+ 37. Kf4 Nxc4 38. Bxf5+ Kf6 39. Ba7 Be5+ 40. Kg4 h5+ 41. Kxh5 Kxf5 0-1

[Event "FIDE WCC Blitz Women 2019"]
[Site "Moscow"]
[Date "2019.12.30"]
[Round "12.30"]
[White "Badelka, Olga"]
[Black "Danielian, Elina"]
[Result "0-1"]
[WhiteElo "2186"]
[BlackElo "2341"]
[Annotator "NA"]
[PlyCount "60"]
[EventDate "2019.12.29"]
[EventType "swiss"]
[EventCountry "RUS"]
[SourceTitle "playchess.com"]
[Source "ChessBase"]
[SourceQuality "1"]

1. c4 e6 2. g3 d5 3. Bg2 Nf6 4. Nf3 c5 5. cxd5 exd5 6. d4 Nc6 7. O-O Be6 8. Nc3 Be7 9. Bg5 Ne4 10. Bxe7 Qxe7 11. Rc1 Rd8 12. dxc5 Nxc5 13. Nd4 O-O 14. Nxc6 bxc6 15. Qd4 Bf5 16. b4 Ne6 17. Qe5 Bg6 18. Bh3 Qxb4 19. Bxe6 Rfe8 20. Bxf7+ Bxf7 21. Qc7 d4 22. Ne4 Bd5 23. Nc5 Qb6 24. Qf4 Rxe2 25. Qxd4 Rde8 26. a4 Qd8 27. Qc3 Qc8 28. f3 Qh3 29. Rf2 Rxf2 30. Kxf2 Qxh2+ 0-1

[Event "FIDE WCC Blitz Women 2019"]
[Site "Moscow"]
[Date "2019.12.30"]
[Round "12.31"]
[White "Mammadzada, Gunay"]
[Black "Solozhenkina, Elizaveta"]
[Result "0-1"]
[WhiteElo "2314"]
[BlackElo "2214"]
[Annotator "NA"]
[PlyCount "68"]
[EventDate "2019.12.29"]
[EventType "swiss"]
[EventCountry "RUS"]
[SourceTitle "playchess.com"]
[Source "ChessBase"]
[SourceQuality "1"]

1. e4 c5 2. Nf3 d6 3. d4 cxd4 4. Nxd4 Nf6 5. Nc3 a6 6. Be3 e5 7. Nb3 Be7 8. Rg1 Be6 9. g4 h6 10. Be2 d5 11. exd5 Nxd5 12. Nxd5 Bxd5 13. c3 O-O 14. Qc2 Bc6 15. Nd2 Qa5 16. Nc4 Qc7 17. Nb6 Ra7 18. O-O-O Bg5 19. Nc4 b5 20. Bxg5 hxg5 21. Ne3 g6 22. Bd3 Kg7 23. Be4 Nd7 24. h4 gxh4 25. g5 Nc5 26. Bxc6 Qxc6 27. Rg4 Rh8 28. Qe2 e4 29. Nd5 h3 30. b4 Nd3+ 31. Rxd3 h2 32. Rd1 h1=Q 33. Rxh1 Rxh1+ 34. Kb2 Qxd5 0-1

[Event "FIDE WCC Blitz Women 2019"]
[Site "Moscow"]
[Date "2019.12.30"]
[Round "12.32"]
[White "Styazhkina, Anna"]
[Black "Nomin-Erdene, Davaademberel"]
[Result "1-0"]
[WhiteElo "2159"]
[BlackElo "2298"]
[Annotator "NA"]
[PlyCount "99"]
[EventDate "2019.12.29"]
[EventType "swiss"]
[EventCountry "RUS"]
[SourceTitle "playchess.com"]
[Source "ChessBase"]
[SourceQuality "1"]

1. e4 c6 2. d4 d5 3. e5 Bf5 4. h4 h5 5. c4 e6 6. Nc3 Be7 7. Nf3 Bg4 8. Be2 Nd7 9. cxd5 cxd5 10. Ng5 Nh6 11. Bxg4 hxg4 12. f3 gxf3 13. Qxf3 Nf5 14. g4 Bxg5 15. Bxg5 Nxd4 16. Qf4 Qxg5 17. hxg5 Rxh1+ 18. Kd2 Rxa1 19. Qxd4 a6 20. g6 fxg6 21. Qb4 Nxe5 22. Qxb7 Rd8 23. Qxg7 Nc4+ 24. Kc2 Rg1 25. Qxg6+ Kd7 26. Qf7+ Kd6 27. Qf4+ Kc6 28. Qf6 Rg2+ 29. Kc1 Rd6 30. b3 Ne3 31. Na4 Rg1+ 32. Kb2 Nxg4 33. Qc3+ Kd7 34. Nc5+ Ke7 35. Qg7+ Ke8 36. Qg8+ Ke7 37. Qg5+ Ke8 38. Qg6+ Ke7 39. Qg7+ Ke8 40. Qc7 Rg2+ 41. Ka3 Rd8 42. Qc6+ Kf8 43. Nxe6+ Ke7 44. Nxd8 Nf6 45. Qc7+ Ke8 46. Ne6 Nd7 47. Qd8+ Kf7 48. Qxd7+ Kf6 49. Qd6 Kf5 50. Qxd5+ 1-0

[Event "FIDE WCC Blitz Women 2019"]
[Site "Moscow"]
[Date "2019.12.30"]
[Round "12.33"]
[White "Enkhtuul, Altan-Ulzii"]
[Black "Potapova, Margarita"]
[Result "1-0"]
[WhiteElo "2149"]
[BlackElo "2259"]
[Annotator "NA"]
[PlyCount "85"]
[EventDate "2019.12.29"]
[EventType "swiss"]
[EventCountry "RUS"]
[SourceTitle "playchess.com"]
[Source "ChessBase"]
[SourceQuality "1"]

1. d4 Nf6 2. Bf4 g6 3. Nc3 c5 4. d5 d6 5. e4 Bg7 6. Qd2 a6 7. a4 O-O 8. h4 h5 9. f3 Re8 10. Bc4 Nbd7 11. Nge2 b5 12. axb5 Nb6 13. b3 Nfd7 14. O-O Ne5 15. Bxe5 Bxe5 16. f4 Bf6 17. f5 Kg7 18. Qf4 Be5 19. Qf3 Bf6 20. Bd3 Nd7 21. bxa6 Ne5 22. Qg3 Qb6 23. Na4 Qa7 24. Kh1 Ng4 25. c3 Bd7 26. Nb2 Be5 27. Nf4 Bxc3 28. Ra2 Bf6 29. Nc4 Rab8 30. fxg6 fxg6 31. e5 Bxe5 32. Nxe5 dxe5 33. Nxg6 Rxb3 34. Nxe5 Qc7 35. Rf7+ Kh8 36. Ng6+ Kg8 37. Qxc7 Rxd3 38. Ra1 Kxf7 39. Qxd7 Rb8 40. Qe6+ Kg7 41. Rf1 Nf6 42. Qxe7+ Kxg6 43. Rxf6# 1-0

[Event "FIDE WCC Blitz Women 2019"]
[Site "Moscow"]
[Date "2019.12.30"]
[Round "12.34"]
[White "Matveeva, Svetlana"]
[Black "Tsogzolmaa, Nanjid"]
[Result "1-0"]
[WhiteElo "2239"]
[BlackElo "1775"]
[Annotator "NA"]
[PlyCount "59"]
[EventDate "2019.12.29"]
[EventType "swiss"]
[EventCountry "RUS"]
[SourceTitle "playchess.com"]
[Source "ChessBase"]
[SourceQuality "1"]

1. d4 Nf6 2. c4 e6 3. Nc3 Bb4 4. Qc2 b6 5. a3 Bxc3+ 6. Qxc3 Bb7 7. Bg5 h6 8. Bh4 g5 9. Bg3 Ne4 10. Qc2 d6 11. f3 Nxg3 12. hxg3 Nd7 13. e3 Qe7 14. Bd3 O-O-O 15. g4 Kb8 16. Ne2 e5 17. O-O-O Rde8 18. Ng3 Qf6 19. Bf5 Nf8 20. d5 Qe7 21. Rh5 Nd7 22. Rdh1 b5 23. Rxh6 Rxh6 24. Rxh6 Nb6 25. b3 bxc4 26. bxc4 Ba6 27. Bd3 Qd7 28. Ne4 Rc8 29. c5 Bxd3 30. Qxd3 1-0

[Event "FIDE WCC Blitz Women 2019"]
[Site "Moscow"]
[Date "2019.12.30"]
[Round "12.35"]
[White "Fominykh, Maria"]
[Black "Strutinskaia, Galina"]
[Result "1-0"]
[WhiteElo "2055"]
[BlackElo "2227"]
[Annotator "NA"]
[PlyCount "41"]
[EventDate "2019.12.29"]
[EventType "swiss"]
[EventCountry "RUS"]
[SourceTitle "playchess.com"]
[Source "ChessBase"]
[SourceQuality "1"]

1. Nf3 e6 2. g3 f5 3. Bg2 Nf6 4. d3 b6 5. O-O Bb7 6. c4 Be7 7. Nc3 O-O 8. Qc2 d6 9. e4 fxe4 10. dxe4 e5 11. Nh4 a5 12. Nf5 Na6 13. Nd5 Nxd5 14. cxd5 Bf6 15. a3 Nc5 16. b3 Ba6 17. Rd1 Qe8 18. b4 Nb7 19. Qxc7 Be7 20. Qxe7 axb4 21. Qxg7# 1-0

[Event "FIDE WCC Blitz Women 2019"]
[Site "Moscow"]
[Date "2019.12.30"]
[Round "12.36"]
[White "Cramling, Pia"]
[Black "Munkhzul, Turmunkh"]
[Result "0-1"]
[WhiteElo "2383"]
[BlackElo "2139"]
[Annotator "NA"]
[PlyCount "117"]
[EventDate "2019.12.29"]
[EventType "swiss"]
[EventCountry "RUS"]
[SourceTitle "playchess.com"]
[Source "ChessBase"]
[SourceQuality "1"]

1. Nf3 Nf6 2. c4 e6 3. d4 d5 4. Nc3 Be7 5. Bg5 h6 6. Bh4 O-O 7. e3 Ne4 8. Bxe7 Qxe7 9. Rc1 c6 10. Bd3 Nxc3 11. Rxc3 dxc4 12. Bxc4 Nd7 13. O-O b6 14. Bd3 c5 15. Be4 Rb8 16. Qc2 f5 17. Bc6 cxd4 18. Nxd4 Ne5 19. Rc1 Bb7 20. Bxb7 Rxb7 21. Rc7 Rxc7 22. Qxc7 Qf6 23. Qd6 Re8 24. g3 Nf7 25. Qd7 Re7 26. Qc8+ Kh7 27. Rc7 Nd6 28. Qd8 Rxc7 29. Qxc7 e5 30. Nc6 f4 31. exf4 exf4 32. Ne7 f3 33. h4 Qe6 34. Kh2 Qe2 35. Qxd6 Qxf2+ 36. Kh3 Qg2+ 37. Kg4 Qc2 38. Kxf3 h5 39. Qe6 Qd3+ 40. Qe3 Qd1+ 41. Qe2 Qh1+ 42. Ke3 Qb7 43. Qd3+ Kh8 44. Ng6+ Kg8 45. Qc4+ Kh7 46. Nf4 g6 47. Qe4 Qg7 48. Nd5 Qxb2 49. Qe7+ Kh6 50. Qf8+ Qg7 51. Qxg7+ Kxg7 52. Kf4 Kf7 53. Ke5 Kg7 54. Nc7 Kh6 55. Kf6 Kh7 56. Nb5 a6 57. Nc7 a5 58. a4 Kh6 59. Nd5 0-1

[Event "FIDE WCC Blitz Women 2019"]
[Site "Moscow"]
[Date "2019.12.30"]
[Round "12.37"]
[White "Lysenko, Margarita"]
[Black "Mamedjarova, Zeinab"]
[Result "1/2-1/2"]
[WhiteElo "2188"]
[BlackElo "2325"]
[Annotator "NA"]
[PlyCount "133"]
[EventDate "2019.12.29"]
[EventType "swiss"]
[EventCountry "RUS"]
[SourceTitle "playchess.com"]
[Source "ChessBase"]
[SourceQuality "1"]

1. d4 d5 2. c4 dxc4 3. e4 Nc6 4. Nf3 Bg4 5. d5 Ne5 6. Bf4 Ng6 7. Be3 Nf6 8. Nc3 e5 9. Bxc4 a6 10. h3 Bd7 11. O-O Bb4 12. Bd3 O-O 13. Rc1 Ne8 14. a3 Be7 15. Na4 b6 16. Nc3 Nd6 17. Qe2 a5 18. Nd2 f5 19. exf5 Nxf5 20. Bxf5 Bxf5 21. Rfd1 Nf4 22. Bxf4 exf4 23. Nf3 Bc5 24. Nd4 Qf6 25. Nxf5 Qxf5 26. Qe6+ Qxe6 27. dxe6 f3 28. g4 h5 29. Rd7 hxg4 30. hxg4 Rf4 31. Rxc7 Rxg4+ 32. Kf1 Rg2 33. Ne4 Rd8 34. Nxc5 bxc5 35. e7 Re8 36. R1xc5 a4 37. Rc3 Rh2 38. Rxf3 Rh1+ 39. Kg2 Rb1 40. Rb7 Re1 41. Re3 Rxe3 42. fxe3 Kf7 43. Ra7 Rxe7 44. Rxa4 Rxe3 45. Ra6 Re2+ 46. Kf3 Rxb2 47. Ra7+ Kg6 48. Ra6+ Kh5 49. a4 g5 50. Ra8 Rb3+ 51. Kf2 Ra3 52. a5 Kg4 53. a6 Ra2+ 54. Ke3 Kg3 55. Kd4 g4 56. Kc5 Kf2 57. Kb6 Rb2+ 58. Kc6 Ra2 59. Rf8+ Kg2 60. Kb7 Rb2+ 61. Ka8 g3 62. a7 Kg1 63. Rg8 g2 64. Rxg2+ Rxg2 65. Kb7 Rg7+ 66. Kb6 Rg8 67. Kb7 1/2-1/2

[Event "FIDE WCC Blitz Women 2019"]
[Site "Moscow"]
[Date "2019.12.30"]
[Round "12.38"]
[White "Protopopova, Anastasiya"]
[Black "Assaubayeva, Bibisara"]
[Result "0-1"]
[WhiteElo "2084"]
[BlackElo "2323"]
[Annotator "NA"]
[PlyCount "78"]
[EventDate "2019.12.29"]
[EventType "swiss"]
[EventCountry "RUS"]
[SourceTitle "playchess.com"]
[Source "ChessBase"]
[SourceQuality "1"]

1. d4 Nf6 2. c4 g6 3. Nc3 Bg7 4. e4 d6 5. Be2 O-O 6. Bg5 Na6 7. Qd2 c5 8. d5 Nc7 9. Nf3 e6 10. h3 exd5 11. exd5 Re8 12. O-O Qd7 13. Bd3 b5 14. Bxf6 Bxf6 15. cxb5 a6 16. a4 axb5 17. axb5 Bb7 18. Bc4 Rxa1 19. Rxa1 Na8 20. Qf4 Bxc3 21. bxc3 Nb6 22. Bf1 Nxd5 23. Qd2 Nb6 24. c4 Bxf3 25. gxf3 Qe6 26. Qc3 Nd7 27. Rb1 Qf5 28. Qb3 Ne5 29. Bg2 Nd3 30. Rf1 Nf4 31. Kh2 Qe5 32. Kh1 Qg5 33. Rg1 Qf5 34. Kh2 Ne2 35. Re1 Qe5+ 36. Kh1 Ng3+ 37. fxg3 Qxe1+ 38. Kh2 Re2 39. f4 Qf2 0-1

[Event "FIDE WCC Blitz Women 2019"]
[Site "Moscow"]
[Date "2019.12.30"]
[Round "12.39"]
[White "Guseva, Marina"]
[Black "Dauletova, Gulmira"]
[Result "1-0"]
[WhiteElo "2245"]
[BlackElo "2112"]
[Annotator "NA"]
[PlyCount "107"]
[EventDate "2019.12.29"]
[EventType "swiss"]
[EventCountry "RUS"]
[SourceTitle "playchess.com"]
[Source "ChessBase"]
[SourceQuality "1"]

1. d4 Nf6 2. c4 e6 3. Nc3 Bb4 4. f3 d5 5. a3 Be7 6. e4 c5 7. e5 Nfd7 8. cxd5 cxd4 9. Qxd4 Bc5 10. Qg4 Nxe5 11. Qxg7 Ng6 12. Bb5+ Bd7 13. dxe6 fxe6 14. Bd3 Qh4+ 15. g3 Qd4 16. Bxg6+ hxg6 17. Qxg6+ Kd8 18. Bg5+ Kc8 19. Nge2 Qf2+ 20. Kd2 Nc6 21. Raf1 Qg2 22. h4 Re8 23. Kc1 Nd4 24. Nxd4 Bxd4 25. Qc2 Qxc2+ 26. Kxc2 e5 27. Ne4 Bf5 28. g4 Bh7 29. Bd2 Rg8 30. Bc3 Rxg4 31. fxg4 Bxe4+ 32. Kb3 Bxh1 33. Rxh1 Kd7 34. Bxd4 exd4 35. Rd1 Rh8 36. Rxd4+ Kc6 37. h5 Rf8 38. Kc2 Rf2+ 39. Kb1 Rh2 40. Rf4 b5 41. Ka2 a5 42. Rf6+ Kc5 43. h6 b4 44. axb4+ axb4 45. g5 Kc4 46. Rc6+ Kb5 47. Rc7 Rh5 48. h7 Ka4 49. Ra7+ Kb5 50. g6 Rh3 51. Ra8 b3+ 52. Ka3 Kc4 53. Rc8+ Kd5 54. h8=Q 1-0

[Event "FIDE WCC Blitz Women 2019"]
[Site "Moscow"]
[Date "2019.12.30"]
[Round "12.40"]
[White "Serikbay, Assel"]
[Black "Osmak, Iulija"]
[Result "1/2-1/2"]
[WhiteElo "2028"]
[BlackElo "2242"]
[Annotator "NA"]
[PlyCount "155"]
[EventDate "2019.12.29"]
[EventType "swiss"]
[EventCountry "RUS"]
[SourceTitle "playchess.com"]
[Source "ChessBase"]
[SourceQuality "1"]

1. d4 e6 2. c4 f5 3. Nf3 Nf6 4. g3 d5 5. Bg2 Bd6 6. O-O c6 7. Nc3 O-O 8. Bf4 Bxf4 9. gxf4 dxc4 10. Ne5 Nd5 11. e3 b5 12. a4 b4 13. Ne2 Ba6 14. Rc1 Nd7 15. Nxc4 Qe7 16. Re1 Rac8 17. Ng3 N7f6 18. Ne5 c5 19. Nf1 c4 20. Qf3 Ne4 21. Qh3 c3 22. b3 Nd2 23. Ng3 Nxb3 24. Nxf5 Qf6 25. Nd6 Nxc1 26. Rxc1 Rcd8 27. Ne4 Qe7 28. Ng5 h6 29. Qxe6+ Qxe6 30. Nxe6 Nb6 31. Nxf8 Kxf8 32. Nc6 Rc8 33. Nxb4 Nxa4 34. Nxa6 Nb2 35. Bf1 Rc6 36. Nb4 Rc7 37. d5 a5 38. Nc6 a4 39. Nb4 a3 40. Na2 c2 41. Nb4 Na4 42. Rxc2 Rxc2 43. Nxc2 a2 44. e4 Nc3 45. f3 Nb1 46. d6 Na3 47. Na1 Ke8 48. e5 Kd7 49. Kf2 Kc6 50. Ke3 Nb1 51. Bh3 Nc3 52. Kd3 Nd5 53. Ke4 Nb4 54. d7 Kc7 55. e6 Kd8 56. Ke5 Ke7 57. Kd4 g6 58. Kc3 Nd5+ 59. Kb2 Nxf4 60. Bf1 Nxe6 61. Bb5 Nd4 62. Ba4 Nxf3 63. Kxa2 Nxh2 64. Nc2 Nf3 65. Nb4 Ne5 66. Nd5+ Kd8 67. Nf6 h5 68. Kb3 h4 69. Kc3 h3 70. Ne4 Nxd7 71. Bxd7 Kxd7 72. Kd3 g5 73. Ke3 g4 74. Kf2 Ke6 75. Kg3 Kf5 76. Nf2 Kg5 77. Nxg4 h2 78. Nxh2 1/2-1/2

[Event "FIDE WCC Blitz Women 2019"]
[Site "Moscow"]
[Date "2019.12.30"]
[Round "12.41"]
[White "Borisova, Ekaterina"]
[Black "Kovanova, Baira"]
[Result "1/2-1/2"]
[WhiteElo "2029"]
[BlackElo "2218"]
[Annotator "NA"]
[PlyCount "175"]
[EventDate "2019.12.29"]
[EventType "swiss"]
[EventCountry "RUS"]
[SourceTitle "playchess.com"]
[Source "ChessBase"]
[SourceQuality "1"]

1. d4 Nf6 2. c4 e6 3. g3 c5 4. d5 exd5 5. cxd5 d6 6. Nc3 g6 7. Bg2 Bg7 8. Nf3 O-O 9. O-O a6 10. a4 Re8 11. Bf4 h6 12. Qc1 Kh7 13. Nd2 Nh5 14. Be3 Nd7 15. a5 Ne5 16. h3 Qe7 17. Kh2 f5 18. f4 Nd3 19. exd3 Qxe3 20. Rf3 Qd4 21. Nc4 Qf6 22. Nb6 Rb8 23. Qd2 Qf7 24. Re1 Bd7 25. Nc4 Qf8 26. Rfe3 Nf6 27. R3e2 Bb5 28. Re6 Bxc4 29. dxc4 Rbd8 30. R1e2 Qf7 31. Qe1 Qd7 32. b3 Kg8 33. Na4 Qf7 34. Nb6 Kf8 35. Bf3 Kg8 36. b4 g5 37. bxc5 dxc5 38. Qb1 Qg6 39. Rxe8+ Rxe8 40. Rxe8+ Nxe8 41. Qe1 gxf4 42. gxf4 Bd4 43. Bg2 Nd6 44. Qe7 Ne4 45. Qd8+ Kg7 46. Qd7+ Kf6 47. Qd8+ Kg7 48. Qe7+ Kg8 49. Qd8+ Kg7 50. Qc7+ Kf6 51. Qd8+ Kg7 52. Qd7+ Kg8 53. Qc8+ Kh7 54. Qxb7+ Bg7 55. Bxe4 fxe4 56. Qe7 Qf5 57. Kg3 Qg6+ 58. Kf2 Kh8 59. Qd8+ Kh7 60. Qe7 Kh8 61. Qd8+ Kh7 62. Qe7 Kh8 63. Qxc5 Qf5 64. Qe3 Bf6 65. Ke2 Qh5+ 66. Kd2 Qe8 67. c5 Qb5 68. Qxe4 Qxc5 69. Qe8+ Kg7 70. Qd7+ Kg6 71. Qg4+ Kh7 72. Qf5+ Kg7 73. Qd7+ Kg6 74. Qg4+ Kf7 75. Qe6+ Kg7 76. Nd7 Qc3+ 77. Ke2 Qc2+ 78. Kf3 Qd1+ 79. Kg2 Qd2+ 80. Kg3 Qd3+ 81. Kg4 Qg6+ 82. Kf3 Qd3+ 83. Kg2 Qd2+ 84. Kf3 Qd3+ 85. Kg4 Qg6+ 86. Kf3 Qd3+ 87. Kg2 Qd2+ 88. Kf3 1/2-1/2

[Event "FIDE WCC Blitz Women 2019"]
[Site "Moscow"]
[Date "2019.12.30"]
[Round "12.42"]
[White "Atalik, Ekaterina"]
[Black "Nosacheva, Mariya"]
[Result "1/2-1/2"]
[WhiteElo "2211"]
[BlackElo "2062"]
[Annotator "NA"]
[PlyCount "118"]
[EventDate "2019.12.29"]
[EventType "swiss"]
[EventCountry "RUS"]
[SourceTitle "playchess.com"]
[Source "ChessBase"]
[SourceQuality "1"]

1. Nf3 Nf6 2. d4 g6 3. g3 Bg7 4. Bg2 O-O 5. O-O d6 6. b3 c5 7. Bb2 cxd4 8. Nxd4 a6 9. c4 Qc7 10. Nc3 Nc6 11. Nxc6 bxc6 12. Qd2 a5 13. Rfd1 Bb7 14. h3 Rfd8 15. g4 c5 16. e4 Nd7 17. Nb5 Qb8 18. Bxg7 Kxg7 19. Qc3+ f6 20. f4 a4 21. g5 Rf8 22. h4 Kg8 23. Bh3 Bc6 24. Be6+ Kg7 25. Bxd7 Bxd7 26. e5 Bxb5 27. exf6+ exf6 28. cxb5 Ra7 29. b4 Qxb5 30. Rxd6 Qxb4 31. gxf6+ Kh8 32. Qxb4 cxb4 33. Rb6 Kg8 34. Rb1 b3 35. axb3 axb3 36. R1xb3 Ra4 37. Rf3 Kf7 38. Kg2 Re8 39. Rc3 Ra7 40. Kg3 Re6 41. Rcc6 Re3+ 42. Kf2 Re4 43. Kf3 Rd4 44. Rd6 Ra3+ 45. Ke2 Rxd6 46. Rxd6 Rh3 47. Rd7+ Kxf6 48. Rxh7 Kf5 49. Rf7+ Kg4 50. Rf6 Rxh4 51. Ke3 Kh5 52. Rf8 Rh3+ 53. Ke4 Ra3 54. Ke5 Ra5+ 55. Ke6 Ra6+ 56. Kf7 Kg4 57. Kg7 Rb6 58. Rf7 Ra6 59. Kh7 Rb6 1/2-1/2

[Event "FIDE WCC Blitz Women 2019"]
[Site "Moscow"]
[Date "2019.12.30"]
[Round "12.43"]
[White "Pourkashiyan, Atousa"]
[Black "Komiagina, Maria"]
[Result "1-0"]
[WhiteElo "2327"]
[BlackElo "2106"]
[Annotator "NA"]
[PlyCount "67"]
[EventDate "2019.12.29"]
[EventType "swiss"]
[EventCountry "RUS"]
[SourceTitle "playchess.com"]
[Source "ChessBase"]
[SourceQuality "1"]

1. e4 c5 2. Nf3 Nc6 3. d4 cxd4 4. Nxd4 Nf6 5. Nc3 d6 6. Be2 g6 7. O-O Bg7 8. Be3 O-O 9. Qd2 Ng4 10. Bxg4 Bxg4 11. Nd5 a6 12. c4 Rc8 13. Rac1 Re8 14. b3 Bd7 15. Ne2 Be6 16. Nb6 Rb8 17. f4 f5 18. Ng3 fxe4 19. Nxe4 Bf5 20. Ng5 h6 21. Nf3 Kh7 22. Rce1 Bf6 23. Nd5 Bg7 24. Nd4 Bd7 25. f5 Nxd4 26. fxg6+ Kh8 27. Bxd4 e5 28. Be3 Qh4 29. Rf2 Be6 30. Nc7 Re7 31. Qxd6 Bg4 32. Nd5 Rd7 33. Qxb8+ Rd8 34. Qc7 1-0

[Event "FIDE WCC Blitz Women 2019"]
[Site "Moscow"]
[Date "2019.12.30"]
[Round "12.44"]
[White "Zhuravleva, Olga"]
[Black "Mamedjarova, Turkan"]
[Result "0-1"]
[WhiteElo "2127"]
[BlackElo "2273"]
[Annotator "NA"]
[PlyCount "43"]
[EventDate "2019.12.29"]
[EventType "swiss"]
[EventCountry "RUS"]
[SourceTitle "playchess.com"]
[Source "ChessBase"]
[SourceQuality "1"]

1. e4 e5 2. Nf3 Nc6 3. Bc4 Nf6 4. Ng5 d5 5. exd5 Nxd5 6. d4 Be7 7. Nxf7 Kxf7 8. Qf3+ Ke6 9. Nc3 Ncb4 10. O-O c6 11. Re1 Kd6 12. Rxe5 Kc7 13. a3 Rf8 14. Qg3 Bd6 15. Qxg7+ Bd7 16. Re2 Nxc3 17. bxc3 Nd5 18. Bxd5 cxd5 19. Rb1 b6 20. Be3 Qh4 21. g3 Qh5 22. Rbe1 0-1